|
|
|
|
| LEADER |
00000nab a22000001a 4500 |
| 001 |
vtls009351161 |
| 003 |
SK-MaSNL |
| 005 |
20260303054901.0 |
| 008 |
081021d19261221xo |r|p|||| |000 b|slo |
| 015 |
|
|
|a SNBRRBVU1918-1938
|
| 038 |
|
|
|a SNKBUCL
|
| 038 |
|
|
|a SNKBUVU
|
| 040 |
|
|
|a SNKBUVU
|b slo
|c SNKBUCL
|e AACR2
|
| 041 |
0 |
|
|a slo
|
| 044 |
|
|
|a xo
|c SK
|
| 080 |
|
|
|a 75.071.1
|2 1997
|
| 080 |
|
|
|a 061.4
|2 1997
|
| 245 |
0 |
0 |
|a Výstava obrazov v Žiline
|
| 500 |
|
|
|a V rubrike Denné zvesti
|
| 600 |
1 |
7 |
|a Salay, Gejza,
|d 1902-1963
|2 MM
|9 117535
|
| 648 |
|
7 |
|a 1926
|2 MM
|9 296465
|
| 650 |
0 |
7 |
|a slovenské maliarstvo
|2 MM
|9 3124
|
| 650 |
0 |
7 |
|a výstavy
|2 snkbucl
|9 2780
|
| 651 |
|
7 |
|a Žilina (Slovensko)
|2 MM
|9 28812
|
| 773 |
0 |
|
|t Slovenský národ
|g Roč. 2, č. 285 (21.12.1926), s. 4
|
| 852 |
|
|
|a SNK
|b KIS3GCP
|
| 910 |
|
|
|a snkrbvumm
|
| 958 |
|
|
|a VY
|
| 999 |
|
|
|c 1725021
|d 1726951
|